[Event "FRA-ch U10 Girls"]
[Site "Aix les Bains"]
[Date "2006.??.??"]
[Round "2"]
[White "Gaguech, Elisa"]
[Black "Baghafor, Anissa"]
[Result "0-1"]
[WhiteElo "1570"]
[BlackElo "1310"]
[PlyCount "72"]
[EventDate "2006.04.16"]
[EventType "swiss"]
[EventRounds "9"]
[EventCountry "FRA"]
[SourceTitle "EXT 2007"]
[Source "ChessBase"]
[SourceDate "2006.11.23"]
[SourceVersion "1"]
[SourceVersionDate "2006.11.23"]
[SourceQuality "1"]

1. e4 e5 2. Nf3 Nc6 3. d4 exd4 4. Nxd4 Nxd4 5. Qxd4 Be7 6. Nc3 Nf6 7. Be3 d6 8. Bc4 Be6 9. 0-0 Bxc4 10. Qxc4 0-0 11. Rad1 Nd7 12. Nd5 c6 13. Nxe7+ Qxe7 14. Rfe1 Ne5 15. Qb4 c5 16. Qd2 Rad8 17. Bg5 f6 18. Be3 Nc4 19. Qc3 Nxe3 20. fxe3 Qxe4 21. Qb3+ Rf7 22. Qa3 a6 23. Rf1 Qxc2 24. Rc1 Qe4 25. Rf4 Qd5 26. e4 Qe5 27. Rg4 f5 28. exf5 Rxf5 29. Rb1 Re8 30. h3 Rg5 31. Rxg5 Qxg5 32. Qb3+ Kh8 33. Qxb7 Qe3+ 34. Kf1 Rf8+ 35. Qf3 Rxf3+ 36. gxf3 Qxf3+ 0-1